The Land Registration Bill 2001 (Record no. 69883)

MARC details
000 -LEADER
fixed length control field 00811cam a2200205 4500
001 - CONTROL NUMBER
control field ABS65281
008 - FIXED-LENGTH DATA ELEMENTS--GENERAL INFORMATION
fixed length control field 020402n2002 000 0 eng u
035 ## - SYSTEM CONTROL NUMBER
System control number (Sirsi) u117299
100 ## - MAIN ENTRY--PERSONAL NAME
Personal name Cooke, E.
245 #4 - TITLE STATEMENT
Title The Land Registration Bill 2001
260 ## - PUBLICATION, DISTRIBUTION, ETC.
Date of publication, distribution, etc. 2002
490 ## - SERIES STATEMENT
Series statement The Conveyancer
Volume/sequential designation (66) January/February 2002, 11-34(13)
520 ## - SUMMARY, ETC.
Summary, etc. Discusses the Land Registration Bill 2001 and its ultimate aims to elimate unregistered title to land and to make electronic conveyancing universal and compulsory. Full text of the Bill is available at http://www.parliament.the-stationery-office.co.uk/pa/cm200102/cmbills/048/2002048.htm
590 ## - LOCAL NOTE (RLIN)
Local note ABS
650 ## - SUBJECT ADDED ENTRY--TOPICAL TERM
Topical term or geographic name entry element LAND REGISTRATION BILL 2001
650 ## - SUBJECT ADDED ENTRY--TOPICAL TERM
Topical term or geographic name entry element REGISTRATION OF TITLE
650 ## - SUBJECT ADDED ENTRY--TOPICAL TERM
Topical term or geographic name entry element LAND REGISTRATION
690 ## - LOCAL SUBJECT ADDED ENTRY--TOPICAL TERM (OCLC, RLIN)
Topical term or geographic name as entry element PROPERTY
942 ## - ADDED ENTRY ELEMENTS (KOHA)
Suppress in OPAC 0
Holdings
Withdrawn status Lost status Source of classification or shelving scheme Damaged status Not for loan Home library Current library Shelving location Date acquired Total Checkouts Full call number Barcode Date last seen Copy number Price effective from Koha item type
    Dewey Decimal Classification     London London Journal article 02/04/2002   ABS65281 117299-1001 06/08/2019 1 06/08/2019 Journal article